000 00612nam a22002057a 4500
003 OSt
005 20240912155232.0
008 240912b |||||||| |||| 00| 0 eng d
020 _a9789387146891
040 _aMMU
_beng
_cMMU
_dMMU
050 _aHC 865 .R38 2018
100 _aRaval Narendra.
_91690
245 _aGuru :
_bA long walk to success an autobiography /
_cNarendra Raval with Kailash Mota.
260 _aNew Delhi :
_bBloomsbury,
_c2018.
300 _axv, 314 pages :
_bIllustrations ;
650 _aFamily
_9857
650 _aBusiness
_9428
700 _aMota Kailash.
_91691
942 _2lcc
_cLOAN LOAN
999 _c33007
_d33004